<?xml version="1.0" encoding="UTF-8"?>
<collection xmlns="http://www.loc.gov/MARC21/slim">
    <record>
        <controlfield tag="001">100993</controlfield>
        <controlfield tag="005">20210323085018.0</controlfield>
        <datafield tag="037" ind1=" " ind2=" ">
            <subfield code="a">TAZ-TFG-2020-5061</subfield>
        </datafield>
        <datafield tag="041" ind1=" " ind2=" ">
            <subfield code="a">spa</subfield>
        </datafield>
        <datafield tag="100" ind1="1" ind2=" ">
            <subfield code="a">Beroy Pedregosa, Sara</subfield>
        </datafield>
        <datafield tag="242" ind1="0" ind2="0">
            <subfield code="a">Oral comprehension of stories in a second language, English, in Spanish-speaking preschool children. Problems and categorization</subfield>
        </datafield>
        <datafield tag="245" ind1="0" ind2="0">
            <subfield code="a">Comprensión oral de relatos en una segunda lengua, inglés, en el aula infantil hispanohablante. Problemas y categorización</subfield>
        </datafield>
        <datafield tag="260" ind1=" " ind2=" ">
            <subfield code="a">Zaragoza</subfield>
            <subfield code="b">Universidad de Zaragoza</subfield>
            <subfield code="c">2020</subfield>
        </datafield>
        <datafield tag="506" ind1=" " ind2=" ">
            <subfield code="a">by-nc-sa</subfield>
            <subfield code="b">Creative Commons</subfield>
            <subfield code="c">3.0</subfield>
            <subfield code="u">http://creativecommons.org/licenses/by-nc-sa/3.0/</subfield>
        </datafield>
        <datafield tag="520" ind1=" " ind2=" ">
            <subfield code="a">Este trabajo de revisión teórica categoriza y agrupa estudios empíricos sobre la comprensión de relatos orales en inglés como segunda lengua. Estos relatos, son contados por los maestros a niños de mayoritariamente cinco años, alumnos de educación infantil, que tengan el español como lengua materna. El tema desarrollado es de importancia para esta etapa educativa puesto que el cuento es una de las herramientas que más se usa en las aulas tanto en español como en inglés. La práctica de usar cuentos como herramienta está muy estudiada, pero mientras se da este proceso los errores de comprensión que surgen en general se pasan por alto, por ello es necesario seguir investigando este tema.&lt;br />Para ello se tienen en cuenta las propias habilidades comunes de los niños de esta edad y algunas de las cualidades que deben tener las historias para su comprensión por parte de niños preescolares. Tomando en consideración otros detalles sobre lo que conlleva que&lt;br />esta práctica se haga en el segundo idioma. Así pues, se habla también del aprendizaje de una segunda lengua y sus dificultades.&lt;br />Se han recolectado datos de estudios empíricos en dónde haya una interacción real con alumnos hispanohablantes que estén aprendiendo la segunda lengua. En este caso, se han tomado en consideración cuatro estudios en los que los alumnos son de procedencia&lt;br />parental latinoamericana y residen en Estados Unidos.&lt;br />Se concluye que, mediante la comprensión oral en estos contextos bilingües, los niños pueden llegar a comprender las historias y recordarlas a corto plazo, pero se exponen algunos problemas principales. De igual manera, esta revisión se centra en encontrar las destrezas principales que usan los alumnos en las aulas bilingües de infantil.&lt;br />&lt;br /></subfield>
        </datafield>
        <datafield tag="521" ind1=" " ind2=" ">
            <subfield code="a">Graduado en Magisterio en Educación Infantil</subfield>
        </datafield>
        <datafield tag="540" ind1=" " ind2=" ">
            <subfield code="a">Derechos regulados por licencia Creative Commons</subfield>
        </datafield>
        <datafield tag="700" ind1=" " ind2=" ">
            <subfield code="a">Carciu, Oana Maria</subfield>
            <subfield code="e">dir.</subfield>
        </datafield>
        <datafield tag="710" ind1="2" ind2=" ">
            <subfield code="a">Universidad de Zaragoza</subfield>
            <subfield code="b">Ciencias de la Educación</subfield>
            <subfield code="c">Métodos de Investigación y Diagnóstico en Educ.</subfield>
        </datafield>
        <datafield tag="856" ind1="0" ind2=" ">
            <subfield code="f">739718@unizar.es</subfield>
        </datafield>
        <datafield tag="856" ind1="4" ind2=" ">
            <subfield code="s">289768</subfield>
            <subfield code="u">http://zaguan.unizar.es/record/100993/files/TAZ-TFG-2020-5061.pdf</subfield>
            <subfield code="y">Memoria (spa)</subfield>
        </datafield>
        <datafield tag="909" ind1="C" ind2="O">
            <subfield code="o">oai:zaguan.unizar.es:100993</subfield>
            <subfield code="p">driver</subfield>
            <subfield code="p">trabajos-fin-grado</subfield>
        </datafield>
        <datafield tag="950" ind1=" " ind2=" ">
            <subfield code="a"></subfield>
        </datafield>
        <datafield tag="951" ind1=" " ind2=" ">
            <subfield code="a">deposita:2021-03-23</subfield>
        </datafield>
        <datafield tag="980" ind1=" " ind2=" ">
            <subfield code="a">TAZ</subfield>
            <subfield code="b">TFG</subfield>
            <subfield code="c">FCHE</subfield>
        </datafield>
        <datafield tag="999" ind1=" " ind2=" ">
            <subfield code="a">20201125122501.CREATION_DATE</subfield>
        </datafield>
    </record>

    
</collection>